| 000 | 00544nam a2200097Ia 4500 | ||
|---|---|---|---|
| 008 | 170517s9999 xx 000 0 und d | ||
| 245 | _aBreaking The Mirror: The Murdoch Effect | ||
| 300 | _aThe Daily Mirror was the best of them. It was a tabloid when tabloids still meant a peoples' paper that respected its' readers and earned their trust and affection...This film is a personal tribute, but it's also the story of what happened to the once popular Mirror.... | ||
| 650 | _xMedia. | ||
| 856 | _uhttp://topdocumentaryfilms.com/breaking-the-mirror/ | ||
| 999 |
_c333528 _d333528 |
||